000 00711nam a22002657a 4500
001 49995
003 AR-BaAGN
005 20231207145547.0
007 ta
008 230807s2019 ag ||||| |||| 00| 0 spa d
020 _a978-987-46165-3-1
040 _aAR-BaAGN
_bspa
_eaacr
100 1 _aScherer, Fabiana,
_d1971-
_95424
245 1 0 _aAlzamos la voz /
_cFabiana Scherer.
250 _a1a ed.
260 _aBuenos Aires :
_bIndicios,
_c2019.
300 _a277 páginas ;
_c23 cm.
336 _btxt
_2rdacontent
337 _bn
_2rdamedia
338 _bnc
_2rdacarrier
650 4 _aFEMINISMO
_983
650 4 _aESTUDIO DE GÉNERO
_985
650 4 _aDERECHOS DE LAS MUJERES
_91640
942 _2ddc
_cLIBRO
_kAGN
_n0
999 _c49995
_d49995